00403nam a2200133 a 450000500170000000800410001705000260005824500670008425000080015126000410015930000400020052100070024065000220024720140311163003.0030426s19uu xx 00 eng d aTK 7887.5b.C418 1998 aA+ Certification :bPC Hardware / Vol.I /cComputerPrep, Inc. aV.1 aComputerPREP, Inc :bArizona,c1998. a(undefined pages) :bill. ;c28 cm. aIT aComputer Hardware